000
00275 a2200121 4500
999
_c
151
_d
151
003
OSt
005
20210604081602.0
008
210604b ||||| |||| 00| 0 eng d
040
_a
DLC
_b
DLC
_c
DLC
050
_a
HD82
_b
.T6 2000
245
_a
ECONOMIC DEVELOPMENT
942
_2
lcc
_c
BK
_n
JO